Obyvateľstvo Slovenskej republiky podľa rodinného stavu

Rodinný stav je jednou z charakteristík obyvateľstva, ktoré sa zisťujú výlučne v sčítaní obyvateľov. Analýza v článku je zameraná na hodnotenie vývoja rodinného stavu obyvateľov Slovenska za posledné tri desaťročia s využitím údajov z posledných štyroch sčítaní obyvateľov a na hodnotenie štruktúry a...

ver descrição completa

Na minha lista:
Detalhes bibliográficos
Autor principal: Vaňo, Boris
Formato: Capítulo de Livro
Idioma:eslovaco
Assuntos:
Tags: Adicionar Tag
Sem tags, seja o primeiro a adicionar uma tag!

MARC

LEADER 00000naa a2200000 4500
001 0298927
005 20240417075301.6
041 0 |a slo 
044 |a SK 
245 1 0 |a Obyvateľstvo Slovenskej republiky podľa rodinného stavu  |c Boris Vaňo 
520 |a Rodinný stav je jednou z charakteristík obyvateľstva, ktoré sa zisťujú výlučne v sčítaní obyvateľov. Analýza v článku je zameraná na hodnotenie vývoja rodinného stavu obyvateľov Slovenska za posledné tri desaťročia s využitím údajov z posledných štyroch sčítaní obyvateľov a na hodnotenie štruktúry a regionálnych rozdielov v rodinnom stave obyvateľov na základe výsledkov posledného sčítania obyvateľov z roku 2021. 
610 2 0 |a štatistika 
610 2 0 |a obyvateľstvo 
610 2 0 |a populácia 
610 2 0 |a rodina 
610 2 0 |a Slovensko 
100 1 |a Vaňo, Boris